000 00452nam a2200145Ia 4500
003 OSt
005 20260129164549.0
008 211028s2018 xx 000 0 und d
040 _cAIMIT LIBRARY
041 _aeng
100 _aD Souza, Priya Maria; Vasantha G.
_g1616148
_97901
245 _aEffectiveness of training program: a study with reference to Arvind motors pvt ltd Kuloor /
260 _aMangalore
_bRoyuce Baretto.
_c2018
942 _2ddc
_cPRO
999 _c219469
_d219469